| Tag |
First Indicator |
Second Indicator |
Subfields |
| LEADER |
00000cam a2200000 a 4500 |
| 001 |
in00001621321 |
| 005 |
20151023084454.0 |
| 008 |
001204s2001 onca b 000 0 eng d |
| 016 |
|
|
|a 009330526
|
| 020 |
|
|
|a 0802044581 (bound)
|
| 020 |
|
|
|a 0802082424 (pbk.)
|
| 035 |
|
|
|a (OCoLC)ocm46620551
|
| 040 |
|
|
|a CaOTU
|b eng
|c NLC
|d KLG
|d TXA
|d UtOrBLW
|
| 049 |
|
|
|a TXAM
|
| 055 |
0 |
1 |
|a HD4901
|
| 055 |
0 |
0 |
|a HD4901
|b R46 2001
|
| 082 |
0 |
|
|a 306.3/6
|2 21
|
| 090 |
|
|
|a HD4901
|b .R46 2001
|
| 245 |
0 |
0 |
|a Restructuring work and the life course /
|c edited by Victor W. Marshall [and others].
|
| 264 |
|
1 |
|a Toronto ;
|a Buffalo :
|b University of Toronto Press,
|c [2001]
|
| 264 |
|
4 |
|c ©2001
|
| 300 |
|
|
|a xiv, 544 pages :
|b illustrations ;
|c 23 cm.
|
| 336 |
|
|
|a text
|b txt
|2 rdacontent
|
| 337 |
|
|
|a unmediated
|b n
|2 rdamedia
|
| 338 |
|
|
|a volume
|b nc
|2 rdacarrier
|
| 504 |
|
|
|a Includes bibliographical references.
|
| 650 |
|
0 |
|a Work
|x Sociological aspects.
|
| 650 |
|
0 |
|a Industrial sociology.
|
| 700 |
1 |
|
|a Marshall, Victor W.
|
| 948 |
|
|
|a cataloged
|b h
|c 2001/10/19
|d c
|e dmitchel
|f 8:38:14 am
|
| 994 |
|
|
|a E0
|b TXA
|
| 999 |
|
|
|a MARS
|
| 999 |
f |
f |
|s 21c1be05-cae1-3cd5-9dce-e2e075f8f921
|i 05fa9a4f-f7ac-37a3-91c6-ba1b0ebfe900
|t 0
|
| 952 |
f |
f |
|p ric
|a Texas A&M University
|b Rellis Campus
|c Joint Library Facility
|d Remote Storage
|t 0
|e HD4901 .R46 2001
|h Library of Congress classification
|i unmediated -- volume
|m A14828249625
|
| 998 |
f |
f |
|a HD4901 .R46 2001
|t 0
|l Remote Storage
|